Well water as drinking water assessment based on physical and chemical parameters in Sidoarjo, Indonesia; Проблемы геологии и освоения недр; Т. 2

Détails bibliographiques
Parent link:Проблемы геологии и освоения недр=Problems of Geology and Subsurface Development: труды XXVI Международного симпозиума имени академика М. А. Усова студентов и молодых учёных, посвященный 90-летию со дня рождения Н. М. Рассказова, 120-летию со дня рождения Л. Л. Халфина, 50-летию научных молодежных конференций имени академика М. А. Усова, Томск, 4-8 апреля 2022 г./ Национальный исследовательский Томский политехнический университет, Инженерная школа природных ресурсов ; гл. ред. А. С. Боев ; под ред. Е. Ю. Пасечник.— , 2022
Т. 2.— 2022.— [С. 314-315]
Auteur principal: Adiyaksa I. P.
Collectivité auteur: Национальный исследовательский Томский политехнический университет Инженерная школа природных ресурсов Отделение геологии
Autres auteurs: Savichev O. G. Oleg Gennadievich (научный руководитель)
Résumé:Заглавие с экрана
Langue:anglais
Publié: 2022
Collection:Геология, горное и нефтегазовое дело (доклады на английском и немецком языках)
Sujets:
Accès en ligne:http://earchive.tpu.ru/handle/11683/73953
Format: Électronique Chapitre de livre
KOHA link:https://koha.lib.tpu.ru/cgi-bin/koha/opac-detail.pl?biblionumber=635138

MARC

LEADER 00000naa2a2200000 4500
001 635138
005 20231101133839.0
035 |a (RuTPU)RU\TPU\conf\36984 
035 |a RU\TPU\conf\36977 
090 |a 635138 
100 |a 20221122d2022 k y0rusy50 ba 
101 0 |a eng 
102 |a RU 
105 |a y z 100zy 
135 |a drcn ---uucaa 
181 0 |a i  
182 0 |a b 
200 1 |a Well water as drinking water assessment based on physical and chemical parameters in Sidoarjo, Indonesia  |f I. P. Adiyaksa  |g sci. adv. O. G. Savichev 
203 |a Текст  |c электронный 
225 1 |a Геология, горное и нефтегазовое дело (доклады на английском и немецком языках) 
230 |a 1 компьютерный файл (pdf; 500 Kb) 
300 |a Заглавие с экрана 
320 |a [Библиогр.: с. 315 (10 назв.)] 
461 1 |0 (RuTPU)RU\TPU\conf\36761  |t Проблемы геологии и освоения недр  |l Problems of Geology and Subsurface Development  |o труды XXVI Международного симпозиума имени академика М. А. Усова студентов и молодых учёных, посвященный 90-летию со дня рождения Н. М. Рассказова, 120-летию со дня рождения Л. Л. Халфина, 50-летию научных молодежных конференций имени академика М. А. Усова, Томск, 4-8 апреля 2022 г.  |o в 2 т.  |f Национальный исследовательский Томский политехнический университет, Инженерная школа природных ресурсов ; гл. ред. А. С. Боев ; под ред. Е. Ю. Пасечник  |d 2022 
463 1 |0 (RuTPU)RU\TPU\conf\36763  |t Т. 2  |v [С. 314-315]  |d 2022 
610 1 |a труды учёных ТПУ 
610 1 |a электронный ресурс 
610 1 |a питьевые воды 
610 1 |a физические параметры 
610 1 |a химический состав 
610 1 |a качество 
610 1 |a скважины 
610 1 |a Индонезия 
700 1 |a Adiyaksa  |b I. P. 
702 1 |a Savichev  |b O. G.  |c geologist  |c Professor of Tomsk Polytechnic University, doctor of geographical sciences  |f 1967-  |g Oleg Gennadievich  |2 stltpush  |4 727 
712 0 2 |a Национальный исследовательский Томский политехнический университет  |b Инженерная школа природных ресурсов  |b Отделение геологии  |h 8083  |2 stltpush  |3 (RuTPU)RU\TPU\col\23542 
801 2 |a RU  |b 63413507  |c 20221205  |g RCR 
856 4 |u http://earchive.tpu.ru/handle/11683/73953 
942 |c BK